000 00715nam a22002417a 4500
003 OSt
005 20220924113707.0
006 a|||||r|||| 00| 0
007 ta
008 Pun
024 _a235065
037 _cGeneral Books
040 _aARTS
_cARTS
_bPun
041 _2Pun
_aPun
082 _aO153,1xM7, K0
100 _aਅਮ੍ਰਿਤਾ ਪ੍ਰੀਤਮ
245 0 _aਸੱਤ ਟਾਹਣੀਆਂ ਸੱਤ੍ਹਰ ਪੱਤੇ
260 _aਦਿੱਲੀ
_b ਔਸ ਕੇ ਘਈ
_c1960
300 _a92ਪੰ
650 _aਪੰਜਾਬੀ ਸਾਹਿਤ
942 _hO153,1xM7, K0
_cGB
_2CC
999 _c390490
_d390490